000
00201nam a22000857a 4500
008
170116b xxu||||| |||| 00| 0 eng d
100
_9
2423
_a
Srivastava.N
245
_a
Art
260
_a
New Delhi
_b
Rachna
_c
2007
999
_c
5462
_d
5462